000 00976nam a22003377a 4500
001 BR0803739
003 BR-BrBNA
005 20230928102622.0
007 ta
008 230509b bl.||||| |||| 00| 0 por d
040 _aBR-BrBNA
_bpor
_cBiblioteca Nacional de Agricultura
041 _a(Por)
072 _aE50
090 _ E50 BR0803739
110 1 _aMinistério do Desenvolvimento Agrário, Brasília, DF (Brasil). Núcleo de Estudos Agrários e Desenvolvimento Rural
_97481
245 1 _aEstatísticas do meio rural
250 1 _a2. ed.
260 3 _aBrasília, DF (Brasil):
_c2006.
300 _a276 p.
500 _aBibliography p. 271-276; 97 tables; 77 illus.
650 _aAGRICULTURA
650 _aPECUÁRIA
650 _aMEIO AMBIENTE
650 _aPOPULAÇÃO RURAL
650 _aTRABALHADOR RURAL
650 _aESTRUTURA AGRÁRIA
650 _aSINDICATO
650 _aESTATÍSTICA
909 _a202309
_bLucia
_c55
_dLucia Elande
942 _cBK
999 _c71686
_d71686